RFID as Innovation for Improvement of Manufacturing Plant Performance

Sledovateľnosť množstva materiálu vo výrobnom procese s rádiofrekvenčou identifikáciou RFID (Radio-Frequency Identification).

Na minha lista:
Detalhes bibliográficos
Autor principal: Hyránek, Eduard, 1955-
Outros Autores: Sorokač, Adam, Mišota, Branislav
Formato: Capítulo de Livro
Idioma:inglês
Assuntos:
Tags: Adicionar Tag
Sem tags, seja o primeiro a adicionar uma tag!

MARC

LEADER 00000naa$a2200000$$$4500
001 0242045
005 20240502073935.3
041 0 |a eng 
044 |a SK 
245 1 0 |a RFID as Innovation for Improvement of Manufacturing Plant Performance  |c Eduard Hyránek, Adam Sorokač, Branislav Mišota 
520 |a Sledovateľnosť množstva materiálu vo výrobnom procese s rádiofrekvenčou identifikáciou RFID (Radio-Frequency Identification). 
610 2 0 |a podnik výrobný 
610 2 0 |a materiál 
610 2 0 |a tok materiálu 
610 2 0 |a inovácie technologické 
610 2 0 |a inovácie sociálne 
610 2 0 |a metódy ekonometrické 
610 2 0 |a priemysel 4.0 
100 1 |a Hyránek, Eduard, 1955- 
700 1 |a Sorokač, Adam 
700 1 |a Mišota, Branislav